| 000 | 00330nam a22001217a 4500 | ||
|---|---|---|---|
| 020 | _a9781259006494 | ||
| 082 |
_a005. _bBAL/OB |
||
| 100 |
_aBalagurusamy E. _9363 |
||
| 245 | _aObject Oriented Programming using C ++ and Java | ||
| 260 |
_aNew Delhi _bTata McGraw Hill Education Private Limited _c2012 |
||
| 300 | _a478 | ||
| 942 | _cBK | ||
| 999 |
_c14683 _d14683 |
||